Kamakura / (Record no. 27265)
[ view plain ]
| 000 -LEADER | |
|---|---|
| fixed length control field | 01341nam a2200313 a 4500 |
| 001 - CONTROL NUMBER | |
| control field | 27265 |
| 003 - CONTROL NUMBER IDENTIFIER | |
| rucl marc code | UkOxU |
| 005 - DATE AND TIME OF LATEST TRANSACTION | |
| control field | 20211209051131.0 |
| 008 - FIXED-LENGTH DATA ELEMENTS--GENERAL INFORMATION | |
| fixed length control field | 140324s1974 ja a 000 0 jpn d |
| 035 ## - SYSTEM CONTROL NUMBER | |
| System control number | (BD-RjUL)27337 |
| 040 ## - CATALOGING SOURCE | |
| Original cataloging agency | IUA |
| Transcribing agency | IUA |
| Modifying agency | NOC |
| -- | OCL |
| -- | BD-RjUL |
| Language of cataloging | eng |
| 041 0# - LANGUAGE CODE | |
| Language code of text/sound track or separate title | jpneng |
| 082 ## - DEWEY DECIMAL CLASSIFICATION NUMBER | |
| Classification number | 495.6642 |
| Author mark and year | KAM Pt-2 1974 |
| 090 ## - LOCALLY ASSIGNED LC-TYPE CALL NUMBER (OCLC); LOCAL CALL NUMBER (OCLC) | |
| Classification number (OCLC) (R) ; Classification number, CALL (RLIN) (NR) | PL539.15.H5 |
| Local cutter number (OCLC) ; Book number/undivided call number, CALL (RLIN) | K36 1974 |
| 245 00 - TITLE STATEMENT | |
| Title | Kamakura / |
| Statement of responsibility, etc. | edited by the Staff of the Inter-University Center for Japanese Language Studies in Tokyo. |
| Number of part/section of a work | Part Two |
| 260 ## - PUBLICATION, DISTRIBUTION, ETC. (IMPRINT) | |
| Place of publication, distribution, etc. | Tokyo : |
| Name of publisher, distributor, etc. | University of Tokyo Press, |
| Date of publication, distribution, etc. | 1974. |
| 300 ## - PHYSICAL DESCRIPTION | |
| Pagination | 123p. : |
| Illustrations | ill. ; |
| Size | 27 cm. |
| 490 1# - SERIES STATEMENT | |
| Series statement | Readings in Japanese history series ; |
| Volume/sequential designation | 2 |
| 500 ## - GENERAL NOTE | |
| General note | Readings selected from vols. 5 and 6 of the Nihon rekishi shirīzu and from the one-volume Shin Nihon shi no ningenzō. |
| General note | Vol. 1 has introd. in English, text in Japanese; v. 2 is the vocabulary annotation for the text in v. 1 and is in English and Japanese. |
| 650 #0 - SUBJECT ADDED ENTRY--TOPICAL TERM | |
| Topical term or geographic name as entry element | Japanese language |
| General subdivision | Readers |
| -- | History. |
| 9 (RLIN) | 28429 |
| 651 #0 - SUBJECT ADDED ENTRY--GEOGRAPHIC NAME | |
| Geographic name | Japan |
| General subdivision | History |
| Chronological subdivision | Kamakura period, 1185-1333. |
| 9 (RLIN) | 81361 |
| 710 20 - ADDED ENTRY--CORPORATE NAME | |
| Corporate name or jurisdiction name as entry element | Inter-university Center for Japanese Language Studies. |
| 9 (RLIN) | 28435 |
| 830 #0 - SERIES ADDED ENTRY--UNIFORM TITLE | |
| Volume number/sequential designation | 2 |
| 830 #0 - SERIES ADDED ENTRY--UNIFORM TITLE | |
| Uniform title | Readings in Japanese history series ; |
| 942 ## - ADDED ENTRY ELEMENTS (KOHA) | |
| Source of classification or shelving scheme | Dewey Decimal Classification |
| Koha item type | Books |
| Lost status | Source of classification or shelving scheme | Damaged status | Not for loan | Collection code | Permanent Location | Current Location | Shelving location | Date acquired | Source of acquisition | Total Checkouts | Full call number | Date last seen | Copy number | Koha item type |
|---|---|---|---|---|---|---|---|---|---|---|---|---|---|---|
| Dewey Decimal Classification | Added to bundle | Non-fiction | Central Library, University of Rajshahi | Central Library, University of Rajshahi | Reading Room | 27/01/1976 | From the Japan Foundation Gift | 495.6642 KAM Pt-2 1974 | 24/03/2014 | C-1 | Books |